000 01140nam a2200253 i 4500
001 186306
003 SpMaBN
005 20250526192016.0
008 161006s2016 sp ao c |||| |dspa d
020 _a978-84-89157-70-5
080 _a336.746.07(460.271):004(083.824)
080 _a676.026.22(083.824)
245 0 0 _aFiligranas, las huellas del agua
_b: [exposición, Museo Casa de la Moneda, Madrid, del 17 marzo al 15 mayo 2016] /
_c[comisario, José María Pérez García ; textos, Marino Ayala Campinún, José María Pérez García, Luis Santos y Ganges].
260 _a[Madrid] :
_bReal Casa de la Moneda, Fábrica Nacional de Moneda y Timbre,
_c2016.
300 _a181 p. :
_bil. col. y n., fot. ;
_c24 x 25 m.
650 7 _aFiligranas.
_9161064
650 4 _aPapel.
_9146757
700 1 _aPérez García, José María,
_d1974-
_9157037
710 2 _aMuseo Casa de la Moneda (España)
_9157038
710 2 _aFábrica Nacional de Moneda y Timbre (España)
_9157039
852 _aES-MaACL
_jA-13950
_9 193361
_bR.151263
_cDEPO1
_dOlim: N-6950
_xencuadernación en cartoné
942 _2udc
999 _c186306
_d186306